000 00548nam a2200193Ia 4500
008 090124s9999 xx 000 0 und d
020 _a81-7486-648-5
082 _b45750
100 _aधर्मापुरीकर मधुकर
245 _a अप्रूप
250 _a1
260 _c2007
300 _a123
600 _aधर्मापुरीकर मधुकर
630 _a अप्रूप
700 _aधर्मापुरीकर मधुकर
730 _a अप्रूप
942 _cBOOK
999 _c111963
_d111963